Union Jack Flags - Statistics

General Stats
  • This quiz has been taken 12 times
  • The average score is 13 of 22
Answer Stats
Picture Answer % Correct
Australia
100%
Fiji
100%
New Zealand
100%
United Kingdom
100%
Tuvalu
82%
Bermuda
73%
Anguilla
64%
Falkland Islands
64%
Hawaii
64%
British Indian Ocean Territory
55%
British Virgin Islands
55%
Cook Islands
55%
Cayman Islands
45%
Montserrat
45%
Niue
45%
Pitcairn Islands
45%
St Helena
45%
Turks and Caicos
45%
Ascension Island
36%
South Georgia and the South Sandwich Islands
36%
Tristan da Cunha
36%
British Antarctic Territory
27%
No matching quizzes found
Score Distribution
Percent of People with Each Score
Percentile by Number Answered
Your Score History
You have not taken this quiz